000 00670nam a2200229Ia 4500
003 GCL
008 140319s9999 xx 000 0 ara d
040 _aGCL /
_cGCL
082 0 4 _a811.009
_bح د
100 1 _aحمادى حمود
245 1 0 _aدراسات فى الشعرية : الشابى نموذجا /
_cحمادى حمود
700 1 _aهشام الريفى
700 1 _aمحمد قوبعة
260 _a[S.N] :
_bبيت الحكمة ،
_c1988
300 _a398 ص
490 _a
650 0 4 _aالشعر العربى
650 0 4 _aالادب العربى
650 0 4 _aالعصر الحديث
650 0 4 _aتاريخ ونقد
942 _2ddc
_cBK
999 _c35378
_d35378